Statystyki dla Losowe stany USA na mapie

Kliknij tutaj aby rozwiązać quiz!

Ogólne statystyki

  • Ten quiz został rozwiązany 26 304 razy
  • Średni wynik to 7 z 15

Odpowiedzi na mapie

Odpowiedzi skodowane kolorowo w zielono-czerwonej skali na mapie do tego quizu, zgodnie z poniższymi procentami.
 

Statystyki odpowiedzi

Stany% Poprawnych
Kalifornia
91%
Teksas
91%
Alaska
90%
Floryda
88%
Waszyngton
85%
Nowy Meksyk
73%
Nevada
71%
Nowy Jork
70%
Arizona
64%
Dakota Północna
62%
Ohio
61%
Oregon
61%
Idaho
59%
Montana
59%
Michigan
58%
Dakota Południowa
57%
Hawaje
56%
Kolorado
56%
Maine
56%
Karolina Północna
55%
Luizjana
55%
Utah
55%
Alabama
53%
Karolina Południowa
51%
Oklahoma
51%
Georgia
50%
Wyoming
47%
Pennsylwania
46%
Illinois
45%
Kansas
45%
Kentucky
45%
Mississippi
44%
Minnesota
43%
Nebraska
42%
Indiana
41%
Tennessee
41%
Wirginia
41%
New Jersey
39%
Vermont
38%
Wisconsin
38%
Arkansas
36%
Missouri
35%
Iowa
34%
Wirginia Zachodnia
34%
Rhode Island
33%
Maryland
32%
Delaware
30%
New Hampshire
30%
Connecticut
28%
Massachusetts
28%

Rozkład punktacji

Percentyl według liczby udzielonych odpowiedzi

Procent ludzi z każdym wynikiem

Twoja historia wyników

Nie rozwiązałeś tego quizu